[Event "Stuttgart-chA int"]
[Site "Ditzingen"]
[Date "2005.05.07"]
[Round "6"]
[White "Braun, Klaus"]
[Black "Soeroes, Martin Wolfgang"]
[Result "1-0"]
[WhiteElo "2065"]
[BlackElo "1966"]
[PlyCount "51"]
[EventDate "2005.05.05"]
[EventType "swiss"]
[EventRounds "7"]
[EventCountry "GER"]
[SourceTitle "EXT 2018"]
[Source "ChessBase"]
[SourceDate "2017.10.13"]
[SourceVersion "1"]
[SourceVersionDate "2017.10.13"]
[SourceQuality "1"]

1. d4 d5 2. c4 e5 3. dxe5 d4 4. Nf3 Nc6 5. g3 Bg4 6. Bg2 Qd7 7. 0-0 0-0-0 8. Nbd2 Nge7 9. Nb3 Ng6 10. Bg5 Be7 11. Bxe7 Qxe7 12. Re1 Bxf3 13. exf3 d3 14. f4 Nb4 15. Rf1 h5 16. Qf3 c6 17. a3 Na6 18. Nd2 f6 19. exf6 Qxf6 20. b4 h4 21. Ne4 Qf7 22. c5 hxg3 23. hxg3 Kb8 24. Nd6 Qg8 25. Rfd1 Rf8 26. Nxb7 1-0

[Event "Stuttgart-chA int"]
[Site "Ditzingen"]
[Date "2005.05.05"]
[Round "1"]
[White "Soeroes, Martin Wolfgang"]
[Black "Haecker, Alexander"]
[Result "0-1"]
[WhiteElo "1966"]
[BlackElo "2207"]
[PlyCount "68"]
[EventDate "2005.05.05"]
[EventType "swiss"]
[EventRounds "7"]
[EventCountry "GER"]
[SourceTitle "EXT 2018"]
[Source "ChessBase"]
[SourceDate "2017.10.13"]
[SourceVersion "1"]
[SourceVersionDate "2017.10.13"]
[SourceQuality "1"]

1. d4 d5 2. e4 e6 3. Nc3 Bb4 4. a3 Bxc3+ 5. bxc3 c5 6. e5 Ne7 7. Nf3 b6 8. a4 Qc7 9. Qd2 Ba6 10. Bxa6 Nxa6 11. 0-0 Rc8 12. Ba3 h6 13. Qe2 Nb8 14. Rac1 cxd4 15. cxd4 Qc4 16. Qxc4 Rxc4 17. a5 b5 18. Bc5 Nec6 19. Nd2 Ra4 20. Ra1 Rxa1 21. Rxa1 Nd7 22. a6 Nxc5 23. dxc5 Kd7 24. f4 Nd4 25. Nb3 Nxc2 26. Ra2 Ne3 27. Nd4 Rb8 28. Ra5 b4 29. Nb3 Nc4 30. Ra1 Kc6 31. Kf2 Kb5 32. Ke2 Na3 33. Kd3 Rc8 34. Rc1 Ka4 0-1

[Event "Wuerttemberg-ch U14"]
[Site "Friedrichshafen"]
[Date "2005.03.30"]
[Round "3"]
[White "Soeroes, Martin Wolfgang"]
[Black "Pogan, Nikolas"]
[Result "1-0"]
[WhiteElo "1988"]
[BlackElo "1572"]
[PlyCount "73"]
[EventDate "2005.03.29"]
[EventType "swiss"]
[EventRounds "7"]
[EventCountry "GER"]
[SourceTitle "EXT 2007"]
[Source "ChessBase"]
[SourceDate "2006.11.23"]
[SourceVersion "1"]
[SourceVersionDate "2006.11.23"]
[SourceQuality "1"]

1. e4 c6 2. d4 d5 3. e5 Bf5 4. Nc3 e6 5. g4 Bg6 6. h4 h6 7. Be3 Bb4 8. Nge2 Be4 9. Rh3 f6 10. a3 Bxc3+ 11. Nxc3 Bg6 12. Bd3 Ne7 13. exf6 gxf6 14. Bxg6+ Nxg6 15. Qd3 Ne7 16. f4 Nd7 17. 0-0-0 Qc7 18. Ne2 0-0-0 19. Qb3 Nb6 20. Ng3 f5 21. gxf5 Nxf5 22. Nxf5 exf5 23. Qd3 Qf7 24. b3 h5 25. Rg3 Rhg8 26. Rg5 Rxg5 27. fxg5 Qg6 28. Rf1 Rf8 29. Bf4 Kd7 30. Qc3 Nc8 31. Qb4 Rf7 32. Qxb7+ Kd8 33. Qb4 Qh7 34. Re1 Re7 35. Be5 Rb7 36. Qf8+ Kd7 37. Bf6 1-0

[Event "Wuertemberg-ch U14"]
[Site "Germany"]
[Date "2004.04.13"]
[Round "2"]
[White "Zikeli, Saskia"]
[Black "Soeroes, Martin Wolfgang"]
[Result "1-0"]
[WhiteElo "1744"]
[BlackElo "1720"]
[PlyCount "69"]
[EventDate "2004.04.??"]
[EventType "swiss"]
[EventRounds "7"]
[EventCountry "GER"]
[SourceTitle "EXT 2005"]
[Source "ChessBase"]
[SourceDate "2004.11.15"]
[SourceVersion "1"]
[SourceVersionDate "2004.11.15"]
[SourceQuality "1"]

1. e4 Nc6 2. d4 d5 3. exd5 Qxd5 4. Nf3 Bg4 5. Be2 0-0-0 6. c4 Qh5 7. Be3 e6 8. Nc3 Nf6 9. h3 Bd6 10. Qa4 Nd7 11. 0-0-0 Nb6 12. hxg4 Qxh1 13. Rxh1 Nxa4 14. Nxa4 a6 15. Ng5 Rd7 16. Rxh7 Rxh7 17. Nxh7 Be7 18. Nc5 Rd8 19. Nb3 Rh8 20. Ng5 Rh1+ 21. Kd2 Rb1 22. Kc3 Re1 23. Nc1 Bf6 24. Nf3 Rh1 25. g5 Be7 26. Nd3 Rh8 27. Nfe5 Nd8 28. g6 f6 29. Nf7 Nxf7 30. gxf7 Kd7 31. Bg4 Bf8 32. Nf4 f5 33. Ng6 Rh2 34. Nxf8+ Ke7 35. Nxe6 1-0

[Event "GER-ch Lands U20"]
[Site "Kassel"]
[Date "2003.10.22"]
[Round "6.7"]
[White "Soeroes, Martin Wolfgang"]
[Black "Friedt, Edmund"]
[Result "1-0"]
[WhiteElo "1656"]
[BlackElo "1303"]
[PlyCount "47"]
[EventDate "2003.10.19"]
[EventType "team-tourn"]
[EventRounds "7"]
[EventCountry "GER"]
[SourceTitle "EXT 2004"]
[Source "ChessBase"]
[SourceDate "2003.11.25"]
[SourceVersion "1"]
[SourceVersionDate "2003.11.25"]
[SourceQuality "1"]

1. e4 e5 2. f4 d6 3. Nf3 exf4 4. Bc4 Be6 5. Bb3 Nf6 6. Nc3 Be7 7. d4 Bxb3 8. axb3 c6 9. Bxf4 Na6 10. 0-0 0-0 11. Re1 Re8 12. Qe2 d5 13. e5 Bb4 14. Bg5 h6 15. Bxf6 gxf6 16. Qd2 Kg7 17. Nh4 fxe5 18. Nf5+ Kg8 19. Nxh6+ Kf8 20. Rf1 f6 21. Qg5 Re6 22. Qg8+ Ke7 23. Qf7+ Kd6 24. Nf5# 1-0

[Event "GER-ch Lands U20"]
[Site "Kassel"]
[Date "2003.10.21"]
[Round "4.7"]
[White "Butschek, Tanja"]
[Black "Soeroes, Martin Wolfgang"]
[Result "1-0"]
[WhiteElo "1727"]
[BlackElo "1656"]
[PlyCount "78"]
[EventDate "2003.10.19"]
[EventType "team-tourn"]
[EventRounds "7"]
[EventCountry "GER"]
[SourceTitle "EXT 2004"]
[Source "ChessBase"]
[SourceDate "2003.11.25"]
[SourceVersion "1"]
[SourceVersionDate "2003.11.25"]
[SourceQuality "1"]

1. e4 Nf6 2. e5 Nd5 3. Bc4 Nb6 4. Bb3 d6 5. d4 dxe5 6. Qh5 e6 7. dxe5 g6 8. Qe2 Nc6 9. Nf3 h6 10. c3 Bd7 11. Bf4 Qe7 12. Nbd2 Bg7 13. h4 0-0-0 14. 0-0-0 Nd5 15. Bg3 Na5 16. Nd4 Nxb3+ 17. N2xb3 Ba4 18. Rde1 Bxb3 19. Nxb3 g5 20. Kb1 Rdg8 21. Nd4 Qc5 22. Qf3 Qe7 23. hxg5 hxg5 24. Qg4 Bh6 25. Rh2 Rg6 26. Reh1 Qf8 27. Rh5 Nf4 28. Bxf4 gxf4 29. Qf3 Qg7 30. Ne2 Rg5 31. Rxg5 Bxg5 32. Rxh8+ Qxh8 33. Qe4 Qh4 34. Qf3 Qh7+ 35. Kc1 Qf5 36. Nd4 Qxe5 37. Kc2 Qf6 38. Qe4 c6 39. Nf3 Qg6 1-0

[Event "GER-ch Lands U20"]
[Site "Kassel"]
[Date "2003.10.20"]
[Round "2.7"]
[White "Stellfeld, Tilman"]
[Black "Soeroes, Martin Wolfgang"]
[Result "0-1"]
[WhiteElo "1210"]
[BlackElo "1656"]
[PlyCount "79"]
[EventDate "2003.10.19"]
[EventType "team-tourn"]
[EventRounds "7"]
[EventCountry "GER"]
[SourceTitle "EXT 2004"]
[Source "ChessBase"]
[SourceDate "2003.11.25"]
[SourceVersion "1"]
[SourceVersionDate "2003.11.25"]
[SourceQuality "1"]

1. d4 Nf6 2. Bg5 Ne4 3. Bf4 e6 4. Nf3 d5 5. e3 c5 6. Nbd2 Qb6 7. Rb1 Nc6 8. dxc5 Bxc5 9. Nb3 Bd6 10. Bxd6 Nxd6 11. Nbd4 Qa5+ 12. c3 Qxa2 13. Bd3 Qa5 14. Qc2 h6 15. 0-0 0-0 16. Nxc6 bxc6 17. Ne5 Qc7 18. h3 a5 19. Ra1 Ba6 20. Ra2 Bxd3 21. Qxd3 Ne4 22. Nf3 e5 23. Rfa1 Nc5 24. Qc2 a4 25. Ra3 Rfb8 26. Nd2 Qb7 27. R1a2 e4 28. c4 Nd3 29. Rxd3 exd3 30. Qxd3 Rd8 31. cxd5 Rxd5 32. Qc3 c5 33. Nc4 Rd1+ 34. Kh2 Qc7+ 35. Qe5 Qxe5+ 36. Nxe5 Rd2 37. Kg3 a3 38. Rxa3 Rxa3 39. bxa3 Rc2 40. Kf3 0-1

[Event "GER-ch U12"]
[Site "Willingen"]
[Date "2003.06.12"]
[Round "9"]
[White "Soeroes, Martin Wolfgang"]
[Black "Geilfuss, Albert"]
[Result "1/2-1/2"]
[WhiteElo "1619"]
[BlackElo "1640"]
[PlyCount "30"]
[EventDate "2003.06.08"]
[EventType "swiss"]
[EventRounds "11"]
[EventCountry "GER"]
[SourceTitle "CBM 094 Extra"]
[Source "ChessBase"]
[SourceDate "2003.07.09"]
[SourceVersion "2"]
[SourceVersionDate "2003.07.09"]
[SourceQuality "1"]

1. f4 d5 2. Nf3 Nf6 3. e3 g6 4. b3 Bg7 5. Bb2 0-0 6. Be2 b6 7. 0-0 Bb7 8. h3 Ne8 9. Bxg7 Nxg7 10. Qe1 Nd7 11. g4 f5 12. Qg3 a6 13. d3 c5 14. Nbd2 e6 15. d4 Qe7 1/2-1/2

[Event "GER-ch U12"]
[Site "Willingen"]
[Date "2003.06.09"]
[Round "4"]
[White "Jussupow, Ekaterina"]
[Black "Soeroes, Martin Wolfgang"]
[Result "1-0"]
[WhiteElo "1709"]
[BlackElo "1619"]
[PlyCount "33"]
[EventDate "2003.06.08"]
[EventType "swiss"]
[EventRounds "11"]
[EventCountry "GER"]
[SourceTitle "CBM 094 Extra"]
[Source "ChessBase"]
[SourceDate "2003.07.09"]
[SourceVersion "2"]
[SourceVersionDate "2003.07.09"]
[SourceQuality "1"]

1. d4 Nf6 2. Nf3 c5 3. Nc3 d5 4. e3 Bf5 5. Ne2 Nc6 6. Ng3 Bg4 7. Be2 Bxf3 8. Bxf3 e5 9. dxe5 Nxe5 10. Be2 a6 11. 0-0 Bd6 12. b3 Qd7 13. Bb2 0-0-0 14. c4 dxc4 15. bxc4 Nc6 16. Bxf6 gxf6 17. Bg4 1-0

[Event "GER-ch U12"]
[Site "Willingen"]
[Date "2003.06.09"]
[Round "3"]
[White "Soeroes, Martin Wolfgang"]
[Black "Kaczmarczyk, Dennis"]
[Result "1-0"]
[WhiteElo "1619"]
[BlackElo "1715"]
[PlyCount "43"]
[EventDate "2003.06.08"]
[EventType "swiss"]
[EventRounds "11"]
[EventCountry "GER"]
[SourceTitle "CBM 094 Extra"]
[Source "ChessBase"]
[SourceDate "2003.07.09"]
[SourceVersion "2"]
[SourceVersionDate "2003.07.09"]
[SourceQuality "1"]

1. d4 Nf6 2. Nc3 e6 3. e4 Bb4 4. Bd3 d5 5. e5 Nfd7 6. Qg4 c5 7. Qxg7 Rf8 8. a3 Qa5 9. Bd2 cxd4 10. Ne4 Bxd2+ 11. Nxd2 Nc6 12. Ngf3 Nc5 13. Bxh7 Ne4 14. b4 Nxb4 15. Bxe4 dxe4 16. Nxd4 Nd5 17. N4b3 Qc3 18. 0-0 e3 19. Ne4 exf2+ 20. Rxf2 Qe3 21. Nf6+ Ke7 22. Raf1 1-0

[Event "Wuerttemberg-ch U12"]
[Site "Ludwigsburg"]
[Date "2002.04.05"]
[Round "6"]
[White "Soeroes, Martin Wolfgang"]
[Black "Erben, Larissa"]
[Result "1-0"]
[WhiteElo "1349"]
[BlackElo "1254"]
[PlyCount "79"]
[EventDate "2002.04.??"]
[EventType "swiss"]
[EventRounds "6"]
[EventCountry "GER"]
[SourceTitle "EXT 2003"]
[Source "ChessBase"]
[SourceDate "2002.11.25"]
[SourceVersion "1"]
[SourceVersionDate "2002.11.25"]
[SourceQuality "1"]

1. e4 e5 2. Nf3 Nc6 3. c3 Nf6 4. d4 exd4 5. e5 Ng4 6. cxd4 Bb4+ 7. Nc3 d6 8. h3 dxe5 9. d5 Nd4 10. Nxd4 Bxc3+ 11. bxc3 Nxf2 12. Kxf2 exd4 13. Qxd4 Qf6+ 14. Qxf6 gxf6 15. Bd3 Bd7 16. Re1+ Kd8 17. Bb2 c6 18. c4 Kc7 19. Bxf6 Rhe8 20. Rxe8 Rxe8 21. Re1 Rxe1 22. Kxe1 h6 23. Be5+ Kb6 24. Bd4+ Ka6 25. c5+ Ka5 26. d6 Ka4 27. Bc4 f5 28. Kd2 Kb4 29. Kd3 f4 30. Bb3 Bf5+ 31. Ke2 a6 32. Kf3 Bd7 33. Kxf4 Bc8 34. g4 Bd7 35. h4 Bc8 36. g5 hxg5+ 37. hxg5 Bd7 38. g6 Bc8 39. g7 Bd7 40. g8Q 1-0